| 000 | 01029nam a2200277Ia 4500 | ||
|---|---|---|---|
| 003 | GCL | ||
| 008 | 140319s9999 xx 000 0 ara d | ||
| 020 | _a1055383977 | ||
| 040 |
_aGCL / _cGCL |
||
| 082 | 0 | 4 |
_a341.68 _bا ا |
| 100 | 1 | _aالسيد مصطفى احمد ابو الخير | |
| 245 | 1 | 0 |
_aازمات السودان الداخلية والقانون الدولى المعاصر / _cالسيد مصطفى احمد ابو الخير |
| 250 | _aالاولى | ||
| 260 |
_aالقاهرة : _bايتراك للنشر والتوزيع ، _c2006 |
||
| 300 |
_a309 ص ؛ _c24 سم |
||
| 650 | 0 | 4 | _aالقانون الدولى |
| 650 | 0 | 4 | _aنزع السلاح |
| 650 | 0 | 4 | _aالانقلابات |
| 650 | 0 | 4 | _aجامعة الدول العربية |
| 650 | 0 | 4 | _aالحرب الاهلية |
| 650 | 0 | 4 | _aمنظمة الامم المتحدة |
| 650 | 0 | 4 | _aالاتحاد الاوروبى |
| 650 | 0 | 4 | _aالحرب الاهلية - قانون دولى |
| 650 | 0 | 4 | _aالازمات الداخلية |
| 942 |
_2ddc _cBK |
||
| 999 |
_c7883 _d7883 |
||